The divine wind; (Record no. 551809)
[ view plain ]
| 000 -LEADER | |
|---|---|
| fixed length control field | 00554cam a2200169u 4500 |
| 082 ## - DEWEY DECIMAL CLASSIFICATION NUMBER | |
| Classification number | 940.54 |
| Author Mark | INO |
| 100 1# - MAIN ENTRY--PERSONAL NAME | |
| Personal name | Inoguchi, Rikihei. [from old catalog] |
| 9 (RLIN) | 48966 |
| 245 14 - TITLE STATEMENT | |
| Title | The divine wind; |
| 260 ## - PUBLICATION, DISTRIBUTION, ETC. | |
| Place of publication, distribution, etc. | Annapolis, |
| Name of publisher, distributor, etc. | United States Naval Institue |
| Date of publication, distribution, etc. | [1958] |
| 300 ## - PHYSICAL DESCRIPTION | |
| Extent | 224p. |
| Other physical details | illus. |
| Dimensions | 24 cm. |
| 526 ## - STUDY PROGRAM INFORMATION NOTE | |
| Program name | 0 |
| Interest level | 0 |
| Reading level | 0 |
| Title point value | 940_540000000000000_INO |
| 650 #0 - SUBJECT ADDED ENTRY--TOPICAL TERM | |
| Topical term or geographic name entry element | Kamikaze pilots |
| 9 (RLIN) | 48967 |
| 650 #0 - SUBJECT ADDED ENTRY--TOPICAL TERM | |
| Topical term or geographic name entry element | MCE |
| 9 (RLIN) | 379 |
| 650 #0 - SUBJECT ADDED ENTRY--TOPICAL TERM | |
| Topical term or geographic name entry element | World War, 1939-1945 |
| General subdivision | Aerial operations, Japanese. |
| 9 (RLIN) | 48915 |
| 700 1# - ADDED ENTRY--PERSONAL NAME | |
| Personal name | Nakajima, Tadashi, [from old catalog] |
| 9 (RLIN) | 48968 |
| 942 ## - ADDED ENTRY ELEMENTS (KOHA) | |
| Source of classification or shelving scheme | |
| Koha item type | Book |
| Withdrawn status | Lost status | Source of classification or shelving scheme | Damaged status | Not for loan | Permanent Location | Current Location | Date acquired | Total Checkouts | Full call number | Barcode | Date last seen | Price effective from | Koha item type |
|---|---|---|---|---|---|---|---|---|---|---|---|---|---|
| Military College of Engineering (MCE) | Military College of Engineering (MCE) | 12/29/2014 | 940.54 INO | MCE-5382 | 12/29/2014 | 12/29/2014 | Book |
